Boiler plant and distribution system optimization manual / (Record no. 19345)

MARC details
000 -LEADER
fixed length control field 00973cam a2200277 a 4500
001 - CONTROL NUMBER
control field 18124192
005 - DATE AND TIME OF LATEST TRANSACTION
control field 20150513141132.0
008 - FIXED-LENGTH DATA ELEMENTS--GENERAL INFORMATION
fixed length control field 140422t2014 flua fr 001 0 eng d
020 ## - INTERNATIONAL STANDARD BOOK NUMBER
International Standard Book Number 0881737402 (The Fairmont Press, Inc.)
020 ## - INTERNATIONAL STANDARD BOOK NUMBER
International Standard Book Number 9781482260786 (Taylor & Francis Ltd.)
020 ## - INTERNATIONAL STANDARD BOOK NUMBER
Cancelled/invalid ISBN 0881737410 (electronic)
040 ## - CATALOGING SOURCE
Original cataloging agency DLC
Language of cataloging eng
Transcribing agency DLC
Modifying agency DLC
-- EG-ScBUE
082 00 - DEWEY DECIMAL CLASSIFICATION NUMBER
Classification number 621.183
Edition number 22
Item number TAP
100 1# - MAIN ENTRY--PERSONAL NAME
Personal name Taplin, Harry,
Dates associated with a name 1935-
9 (RLIN) 37987
245 10 - TITLE STATEMENT
Title Boiler plant and distribution system optimization manual /
Statement of responsibility, etc by Harry Taplin.
250 ## - EDITION STATEMENT
Edition statement 3rd ed.
260 ## - PUBLICATION, DISTRIBUTION, ETC. (IMPRINT)
Place of publication, distribution, etc Boca Raton ;
-- London :
Name of publisher, distributor, etc Fairmont Press,
-- CRC Press / Taylor & Francis Group,
Date of publication, distribution, etc c.2014.
300 ## - PHYSICAL DESCRIPTION
Extent xiii, 293 p. :
Other physical details ill. ;
Dimensions 29 cm.
500 ## - GENERAL NOTE
General note Index : p. 291-293.
650 #7 - SUBJECT ADDED ENTRY--TOPICAL TERM
Topical term or geographic name as entry element Steam-boilers
General subdivision Efficiency.
Source of heading or term BUEsh
9 (RLIN) 37988
650 #7 - SUBJECT ADDED ENTRY--TOPICAL TERM
Topical term or geographic name as entry element Steam power plants
General subdivision Design and construction.
Source of heading or term BUEsh
9 (RLIN) 37989
651 ## - SUBJECT ADDED ENTRY--GEOGRAPHIC NAME
Source of heading or term BUEsh
653 ## - INDEX TERM--UNCONTROLLED
Resource For college Engineering, General
Arrived date list May2015
655 ## - INDEX TERM--GENRE/FORM
Form subdivision
-- 34232
942 ## - ADDED ENTRY ELEMENTS (KOHA)
Source of classification or shelving scheme Dewey Decimal Classification
Holdings
Withdrawn status Item status Source of classification or shelving scheme Damaged status Not for loan Vendor Home library Current library Shelving location Date acquired Source of acquisition Cost, normal purchase price Serial Enumeration / chronology Total Checkouts Full call number Barcode Date last seen Date last borrowed Cost, replacement price Koha item type
    Dewey Decimal Classification     Alahram Central Library Central Library First floor 13/05/2015   768.00 329 1 621.183 TAP 000038211 15/07/2025 15/08/2023 960.00 Book - Borrowing